The Controversy in Oscar Wilde´s The Picture of Dorian Gray bakalárska práca

Gespeichert in:
Bibliographische Detailangaben
1. Verfasser: Cigániková, Bibiána
Körperschaft: Fakulta aplikovaných jazykov EU v Bratislave. Katedra interkultúrnej komunikácie
Weitere Verfasser: Pápaiová, Adriana
Format: Buch
Sprache:Englisch
Veröffentlicht: Bratislava 2015
Tags: Tag hinzufügen
Keine Tags, Fügen Sie das erste Tag hinzu!

MARC

LEADER 00000nbm a2200000 4500
001 0202050
005 20161212094237.6
041 0 |a eng 
044 |a SK 
245 1 0 |a The Controversy in Oscar Wilde´s The Picture of Dorian Gray  |b bakalárska práca  |c Bibiána Cigániková ; školiteľ: Adriana Pápaiová 
264 1 |a Bratislava  |c 2015 
300 |a 43 s. 
100 1 |a Cigániková, Bibiána 
700 1 |a Pápaiová, Adriana 
710 2 |a Fakulta aplikovaných jazykov EU v Bratislave. Katedra interkultúrnej komunikácie